Statistics for Denver Broncos All Time Leaders

Click here to take the quiz!

General Stats

  • This quiz has been taken 62 times
  • The average score is 6 of 8

Answer Stats

StatNumAnswerYears% Correct
Passing
Yards
51,475John Elway1983-98
98%
Rushing
Yards
7,607Terrell Davis1995-01
89%
Sacks110.5Von Miller2011-21
87%
Solo Tackles1152Dennis Smith1981-94
78%
Receiving
Yards
11,389Rod Smith1995-06
78%
Field Goals
Made
395Jason Elam1993-07
57%
Total Points1,786Jason Elam1993-07
57%
Interceptions44Steve Foley1976-86
20%

Score Distribution

Percentile by Number Answered

Percent of People with Each Score

Your Score History

You have not taken this quiz